Corporate Social Responsibility of SME's from View of Consumers
Analýza názoru spotrebiteľov a zákazníkov malých a stredných podnikov na Slovensku na to, ako sú tieto typy firiem ochotné vykonávať dobročinné a darcovské činnosti pri svojich komerčných aktivitách. Hospodárske jednotky a ich pripravenosť podporovať zlepšenie spoločenských pomerov a schopnosť pomáh...
Salvato in:
| Autore principale: | |
|---|---|
| Natura: | Capitolo di libro |
| Lingua: | inglese |
| Soggetti: | |
| Tags: |
Nessun Tag, puoi essere il primo ad aggiungerne!!
|
MARC
| LEADER | 00000naa a2200000 4500 | ||
|---|---|---|---|
| 001 | 0261966 | ||
| 005 | 20230807114140.4 | ||
| 041 | 0 | |a eng | |
| 044 | |a SK | ||
| 245 | 1 | 0 | |a Corporate Social Responsibility of SME's from View of Consumers |c Zsolt Horbulák |
| 520 | |a Analýza názoru spotrebiteľov a zákazníkov malých a stredných podnikov na Slovensku na to, ako sú tieto typy firiem ochotné vykonávať dobročinné a darcovské činnosti pri svojich komerčných aktivitách. Hospodárske jednotky a ich pripravenosť podporovať zlepšenie spoločenských pomerov a schopnosť pomáhať pri riešení sociálnych problémov v krajine. | ||
| 610 | 2 | 0 | |a zodpovednosť |
| 610 | 2 | 0 | |a zodpovednosť podniku spoločenská |
| 610 | 2 | 0 | |a Slovensko |
| 610 | 2 | 0 | |a podnik malý |
| 610 | 2 | 0 | |a podnik stredný |
| 610 | 2 | 0 | |a spotrebitelia |
| 100 | 1 | |a Horbulák, Zsolt, 1972- | |